| 000 | 00772 a2200157 4500 | ||
|---|---|---|---|
| 003 | Nust | ||
| 005 | 20230227115743.0 | ||
| 040 | _cNust | ||
| 082 | _a220,MOR | ||
| 100 |
_aH.V Morton _9109590 |
||
| 245 |
_aWomen of the Bible / _cH.V Morton |
||
| 260 |
_alondon _bMethuen & Co _c1941 |
||
| 300 | _a175p; | ||
| 505 | _aIntroduction (Page-1), Eve (Page-7), Sarah (Page-15), Lots Wife (Page-25), Rebekah (Page-31), Pachel (Page-39), Potiphar Wife (Page-45), Pharaoh Daughter (Page-53), Rahab (Page-59), Ruth (Page-65), Deborah (Page-79), Delilah (Page-79), The Witch of Endor (Page-85), Michal (Page-93), Abigail (Page-101), The Queen of Sheba (Page-109), Jezebel (Page-115), Bethkehem (Page-151), Pilates Wife (Page-157), Mary Magdalene (Page-167). | ||
| 942 |
_2ddc _cBK |
||
| 999 |
_c193876 _d193876 |
||